00516nam a2200181Ia 450000500170000000800410001708200160005810000170007424500300009126000430012130000170016465000100018165000130019165000120020494200060021695200970022299900150031920240723042428.0240331s9999 xx 000 0 und d bBALa208.2  aBalasuriya,T 0aMary and human liberation aColombobCentre for Society & Religion avi, 210 p ., aWomen aReligion aSociety cL 001040708LaWERCLbWERCLcSSCd2024-03-31l0o 208.2 BALp6064r2024-03-31w2024-03-31yL c4470d4470